<?xml version="1.0" encoding="UTF-8"?>
<collection xmlns="http://www.loc.gov/MARC21/slim">
 <record>
  <leader>03666cam a2200577  a4500</leader>
  <controlfield tag="001">1087417449</controlfield>
  <controlfield tag="003">DE-627</controlfield>
  <controlfield tag="005">20220726105622.0</controlfield>
  <controlfield tag="007">tu</controlfield>
  <controlfield tag="008">890329m19899999xx |||||      00| ||ger c</controlfield>
  <datafield tag="020" ind1=" " ind2=" ">
   <subfield code="a">3806205310</subfield>
   <subfield code="9">3-8062-0531-0</subfield>
  </datafield>
  <datafield tag="035" ind1=" " ind2=" ">
   <subfield code="a">(DE-627)1087417449</subfield>
  </datafield>
  <datafield tag="035" ind1=" " ind2=" ">
   <subfield code="a">(DE-576)017417449</subfield>
  </datafield>
  <datafield tag="035" ind1=" " ind2=" ">
   <subfield code="a">(DE-599)BSZ017417449</subfield>
  </datafield>
  <datafield tag="035" ind1=" " ind2=" ">
   <subfield code="a">(DE-604)8024089338</subfield>
  </datafield>
  <datafield tag="040" ind1=" " ind2=" ">
   <subfield code="a">DE-627</subfield>
   <subfield code="b">ger</subfield>
   <subfield code="c">DE-627</subfield>
   <subfield code="e">rakwb</subfield>
  </datafield>
  <datafield tag="041" ind1=" " ind2=" ">
   <subfield code="a">ger</subfield>
  </datafield>
  <datafield tag="082" ind1="0" ind2=" ">
   <subfield code="a">936.3</subfield>
  </datafield>
  <datafield tag="084" ind1=" " ind2=" ">
   <subfield code="a">NF 1260</subfield>
   <subfield code="2">rvk</subfield>
   <subfield code="0">(DE-625)rvk/125211:1201</subfield>
  </datafield>
  <datafield tag="084" ind1=" " ind2=" ">
   <subfield code="a">NF 1230</subfield>
   <subfield code="2">rvk</subfield>
   <subfield code="0">(DE-625)rvk/125211:1193</subfield>
  </datafield>
  <datafield tag="084" ind1=" " ind2=" ">
   <subfield code="a">NF 1310</subfield>
   <subfield code="2">rvk</subfield>
   <subfield code="0">(DE-625)rvk/125211:1213</subfield>
  </datafield>
  <datafield tag="084" ind1=" " ind2=" ">
   <subfield code="a">15.19</subfield>
   <subfield code="2">bkl</subfield>
  </datafield>
  <datafield tag="245" ind1="1" ind2="0">
   <subfield code="a">Archäologie in der Deutschen Demokratischen Republik</subfield>
   <subfield code="b">Denkmale und Funde</subfield>
   <subfield code="c">Hrsg.: Joachim Herrmann</subfield>
  </datafield>
  <datafield tag="264" ind1=" " ind2="1">
   <subfield code="a">Stuttgart</subfield>
   <subfield code="b">Theiss</subfield>
   <subfield code="c">1989-</subfield>
  </datafield>
  <datafield tag="336" ind1=" " ind2=" ">
   <subfield code="a">Text</subfield>
   <subfield code="b">txt</subfield>
   <subfield code="2">rdacontent</subfield>
  </datafield>
  <datafield tag="337" ind1=" " ind2=" ">
   <subfield code="a">ohne Hilfsmittel zu benutzen</subfield>
   <subfield code="b">n</subfield>
   <subfield code="2">rdamedia</subfield>
  </datafield>
  <datafield tag="338" ind1=" " ind2=" ">
   <subfield code="a">Band</subfield>
   <subfield code="b">nc</subfield>
   <subfield code="2">rdacarrier</subfield>
  </datafield>
  <datafield tag="655" ind1=" " ind2="7">
   <subfield code="a">Aufsatzsammlung</subfield>
   <subfield code="0">(DE-588)4143413-4</subfield>
   <subfield code="0">(DE-627)105605727</subfield>
   <subfield code="0">(DE-576)209726091</subfield>
   <subfield code="2">gnd-content</subfield>
  </datafield>
  <datafield tag="655" ind1=" " ind2="7">
   <subfield code="a">Führer</subfield>
   <subfield code="0">(DE-588)4155569-7</subfield>
   <subfield code="0">(DE-627)10551487X</subfield>
   <subfield code="0">(DE-576)20982008X</subfield>
   <subfield code="2">gnd-content</subfield>
  </datafield>
  <datafield tag="689" ind1="0" ind2="0">
   <subfield code="d">g</subfield>
   <subfield code="0">(DE-588)4011890-3</subfield>
   <subfield code="0">(DE-627)104732415</subfield>
   <subfield code="0">(DE-576)20889621X</subfield>
   <subfield code="a">Deutschland</subfield>
   <subfield code="g">DDR</subfield>
   <subfield code="2">gnd</subfield>
  </datafield>
  <datafield tag="689" ind1="0" ind2="1">
   <subfield code="a">z</subfield>
   <subfield code="2">gnd</subfield>
   <subfield code="a">Vor- und Frühgeschichte</subfield>
  </datafield>
  <datafield tag="689" ind1="0" ind2=" ">
   <subfield code="5">(DE-627)</subfield>
  </datafield>
  <datafield tag="689" ind1="1" ind2="0">
   <subfield code="d">g</subfield>
   <subfield code="0">(DE-588)4011890-3</subfield>
   <subfield code="0">(DE-627)104732415</subfield>
   <subfield code="0">(DE-576)20889621X</subfield>
   <subfield code="a">Deutschland</subfield>
   <subfield code="g">DDR</subfield>
   <subfield code="2">gnd</subfield>
  </datafield>
  <datafield tag="689" ind1="1" ind2="1">
   <subfield code="a">z</subfield>
   <subfield code="2">gnd</subfield>
   <subfield code="a">Vor- und Frühgeschichte</subfield>
  </datafield>
  <datafield tag="689" ind1="1" ind2="2">
   <subfield code="d">s</subfield>
   <subfield code="0">(DE-588)4071507-3</subfield>
   <subfield code="0">(DE-627)104642874</subfield>
   <subfield code="0">(DE-576)209184205</subfield>
   <subfield code="a">Funde</subfield>
   <subfield code="2">gnd</subfield>
  </datafield>
  <datafield tag="689" ind1="1" ind2=" ">
   <subfield code="5">(DE-627)</subfield>
  </datafield>
  <datafield tag="700" ind1="1" ind2=" ">
   <subfield code="a">Herrmann, Joachim</subfield>
   <subfield code="d">1932-2010</subfield>
   <subfield code="e">Hrsg.</subfield>
   <subfield code="0">(DE-588)123804078</subfield>
   <subfield code="0">(DE-627)082777055</subfield>
   <subfield code="0">(DE-576)294324429</subfield>
   <subfield code="4">edt</subfield>
  </datafield>
  <datafield tag="787" ind1="0" ind2="8">
   <subfield code="i">Rezension</subfield>
   <subfield code="a">Capelle, Torsten, 1939 - 2014</subfield>
   <subfield code="t">[Rezension von: Joachim Herrmann (Hrsg.), Archäologie in der Deutschen Demokratischen Republik]</subfield>
   <subfield code="d">Hildesheim : Verlag August Lax, 1990</subfield>
   <subfield code="w">(DE-627)1668781441</subfield>
  </datafield>
  <datafield tag="787" ind1="0" ind2="8">
   <subfield code="i">Rezensiert in</subfield>
   <subfield code="a">Heine, Hans-Wilhelm, 1948 - 2012</subfield>
   <subfield code="t">[Rezension von: Joachim Herrmann, Archäologie in der Deutschen Demokratischen Republik]</subfield>
   <subfield code="d">Braubach : Deutsche Burgenvereinigung, 1991</subfield>
   <subfield code="w">(DE-627)1811673155</subfield>
  </datafield>
  <datafield tag="936" ind1="r" ind2="v">
   <subfield code="a">NF 1260</subfield>
   <subfield code="b">Allgemeines</subfield>
   <subfield code="k">Ur- und Frühgeschichte / Prähistorische Archäologie</subfield>
   <subfield code="k">Allgemeine und europäische Ur- und Frühgeschichte nach Epochen</subfield>
   <subfield code="k">Zeitlich übergreifende Darstellungen</subfield>
   <subfield code="k">Europa</subfield>
   <subfield code="k">Mitteleuropa (Deutschland, Österreich, Schweiz)</subfield>
   <subfield code="k">Deutschland</subfield>
   <subfield code="k">Allgemeines</subfield>
   <subfield code="0">(DE-627)127152516X</subfield>
   <subfield code="0">(DE-625)rvk/125211:1201</subfield>
   <subfield code="0">(DE-576)20152516X</subfield>
  </datafield>
  <datafield tag="936" ind1="r" ind2="v">
   <subfield code="a">NF 1230</subfield>
   <subfield code="b">Kulturgeschichte und Siedlungsarchäologie</subfield>
   <subfield code="k">Ur- und Frühgeschichte / Prähistorische Archäologie</subfield>
   <subfield code="k">Allgemeine und europäische Ur- und Frühgeschichte nach Epochen</subfield>
   <subfield code="k">Zeitlich übergreifende Darstellungen</subfield>
   <subfield code="k">Europa</subfield>
   <subfield code="k">Kulturgeschichte und Siedlungsarchäologie</subfield>
   <subfield code="0">(DE-627)1270723049</subfield>
   <subfield code="0">(DE-625)rvk/125211:1193</subfield>
   <subfield code="0">(DE-576)200723049</subfield>
  </datafield>
  <datafield tag="936" ind1="r" ind2="v">
   <subfield code="a">NF 1310</subfield>
   <subfield code="b">Kulturgeschichte und Siedlungsarchäologie</subfield>
   <subfield code="k">Ur- und Frühgeschichte / Prähistorische Archäologie</subfield>
   <subfield code="k">Allgemeine und europäische Ur- und Frühgeschichte nach Epochen</subfield>
   <subfield code="k">Zeitlich übergreifende Darstellungen</subfield>
   <subfield code="k">Europa</subfield>
   <subfield code="k">Mitteleuropa (Deutschland, Österreich, Schweiz)</subfield>
   <subfield code="k">Deutschland</subfield>
   <subfield code="k">West- und Mitteldeutschland</subfield>
   <subfield code="k">Kulturgeschichte und Siedlungsarchäologie</subfield>
   <subfield code="0">(DE-627)1270875701</subfield>
   <subfield code="0">(DE-625)rvk/125211:1213</subfield>
   <subfield code="0">(DE-576)200875701</subfield>
  </datafield>
  <datafield tag="936" ind1="b" ind2="k">
   <subfield code="a">15.19</subfield>
   <subfield code="j">Vor- und Frühgeschichte</subfield>
   <subfield code="q">coli-conc RVK-&gt;BK</subfield>
   <subfield code="q">https://coli-conc.gbv.de/api/mappings/86628ea8-ce7c-4261-a534-79c6ddd79ae8</subfield>
   <subfield code="0">(DE-627)10640329X</subfield>
  </datafield>
  <datafield tag="951" ind1=" " ind2=" ">
   <subfield code="a">MC</subfield>
  </datafield>
  <datafield tag="990" ind1=" " ind2=" ">
   <subfield code="a">Deutschland</subfield>
  </datafield>
  <datafield tag="990" ind1=" " ind2=" ">
   <subfield code="a">Vor- und Frühgeschichte</subfield>
  </datafield>
  <datafield tag="990" ind1=" " ind2=" ">
   <subfield code="a">Deutschland</subfield>
  </datafield>
  <datafield tag="990" ind1=" " ind2=" ">
   <subfield code="a">Vor- und Frühgeschichte</subfield>
  </datafield>
  <datafield tag="990" ind1=" " ind2=" ">
   <subfield code="a">Funde</subfield>
  </datafield>
  <datafield tag="991" ind1=" " ind2=" ">
   <subfield code="a">Rezensiertes Werk</subfield>
  </datafield>
  <datafield tag="999" ind1=" " ind2=" ">
   <subfield code="a">KXP-PPN1087417449</subfield>
   <subfield code="e">4185129130</subfield>
  </datafield>
 </record>
</collection>
